000 00522nam a22001697a 4500
005 20231122061357.0
008 231122b |||||||| |||| 00| 0 eng d
020 _a9789991642468
041 _aEnglish
082 _a342 PAR
100 _aParker, C
_lEnglish
245 _aAdministrative Law :
_bCases and Materials /
_cC Parker
260 _aWindhoek :
_bUniversity of Namibia Press,
_c2019
300 _bxxxv, 440 pages ;
_c25 cm.
650 _aLegal practice
_bLaw
942 _cBK
_6ALISON_BN_VRIES
999 _c855
_d855